|
|
|
|
| LEADER |
00000nab a2200000ua 4500 |
| 001 |
vtls010771679 |
| 003 |
SK-MaSNL |
| 005 |
20260303104915.0 |
| 008 |
230121s1998 xo |||||||||||||||||slo| |
| 035 |
|
|
|a (urnnbn)urn:nbn:sk:snk:ar-a034lz
|
| 035 |
|
|
|a (uuid)5d88e389-e148-4c91-b96e-5e0277a3aac7
|
| 035 |
|
|
|a urn:nbn:sk:snk-ab4q44
|
| 040 |
|
|
|a SNKBUCL
|b slo
|c SNKBUCL
|e AACR2
|
| 041 |
0 |
|
|a slo
|
| 044 |
|
|
|a xo
|c SK
|
| 100 |
1 |
|
|a Leško, Ján
|4 aut
|9 275513
|
| 245 |
1 |
0 |
|a Štyridsaťročná história a súčasnosť organizovania pracovníkov s bunkovými kultúrami v SLS
|c Ján Leško, Nadeja Valentová
|
| 700 |
1 |
|
|a Valentová, Nadeja
|4 aut
|9 1119695
|
| 773 |
0 |
|
|t Medicínsky monitor
|g Č. 2 (1998), s. 28-29
|
| 954 |
|
|
|a odborná, vedecká literatúra pôvodná (slovenská)
|2 lita
|
| 958 |
|
|
|a OND
|
| 958 |
|
|
|a EUIPO
|
| 958 |
|
|
|a article3
|
| 999 |
|
|
|c 1859986
|d 1861916
|